[Event "FRA-chT2 East 0708"]
[Site "France"]
[Date "2008.04.05"]
[Round "10.1"]
[White "Stahl, Clement"]
[Black "Lutz, Eric"]
[Result "0-1"]
[WhiteElo "2069"]
[BlackElo "2237"]
[PlyCount "86"]
[EventDate "2007.10.21"]
[EventType "team"]
[EventRounds "11"]
[EventCountry "FRA"]
[SourceTitle "EXT 2009"]
[Source "ChessBase"]
[SourceDate "2008.11.26"]
[SourceVersion "1"]
[SourceVersionDate "2008.11.26"]
[SourceQuality "1"]
[WhiteTeam "Obernai"]
[BlackTeam "Bischwiller II"]
[WhiteTeamCountry "FRA"]
[BlackTeamCountry "FRA"]

1. e4 e5 2. Nf3 Qe7 3. Bc4 d6 4. c3 h6 5. Bb3 g5 6. d3 Bg7 7. Na3 Na6 8. Nc4 f5 9. exf5 Bxf5 10. Ne3 Bg6 11. Bc4 Nc5 12. d4 exd4 13. Nxd4 0-0-0 14. 0-0 c6 15. Nef5 Bxf5 16. Nxf5 Qf6 17. Nxg7 Qxg7 18. Be3 Nf6 19. b4 Nce4 20. Be6+ Kb8 21. Qd4 c5 22. bxc5 dxc5 23. Qc4 Qe7 24. Qb3 Rd6 25. Bc4 Rhd8 26. Rae1 Qc7 27. f3 Nd2 28. Bxd2 Rxd2 29. Re6 R2d6 30. Qc2 Rxe6 31. Bxe6 Qe5 32. Bb3 Nh5 33. Rd1 Qe3+ 34. Kf1 Rxd1+ 35. Qxd1 Kc7 36. Qe2 Qxc3 37. Qe7+ Kb6 38. Qd6+ Ka5 39. Bd5 Nf4 40. Qc7+ Ka4 41. Bb3+ Ka3 42. Qd6 Qe3 43. Qd1 Nd3 0-1

[Event "Verbandsliga Sued Baden 0708"]
[Site "Germany"]
[Date "2008.03.02"]
[Round "7.4"]
[White "Stahl, Clement"]
[Black "Hackel, Mario"]
[Result "1/2-1/2"]
[WhiteElo "2076"]
[BlackElo "2232"]
[PlyCount "101"]
[EventDate "2007.10.14"]
[EventType "team"]
[EventRounds "9"]
[EventCountry "GER"]
[SourceTitle "EXT 2009"]
[Source "ChessBase"]
[SourceDate "2008.11.26"]
[SourceVersion "1"]
[SourceVersionDate "2008.11.26"]
[SourceQuality "1"]
[WhiteTeam "Lahr"]
[BlackTeam "Kuppenheim"]
[WhiteTeamCountry "GER"]
[BlackTeamCountry "GER"]

1. e4 g6 2. d4 Bg7 3. Bc4 c6 4. Qf3 d5 5. exd5 Nf6 6. Nc3 0-0 7. Nge2 Bg4 8. Qg3 b5 9. Bd3 b4 10. Ne4 Bxe2 11. Nxf6+ Bxf6 12. Bxe2 cxd5 13. Be3 Nd7 14. h4 e5 15. Rd1 exd4 16. Bxd4 Re8 17. h5 Re4 18. Bxf6 Nxf6 19. Kf1 Qe7 20. Bf3 Re5 21. hxg6 fxg6 22. Rh4 Rc8 23. Rxb4 Rxc2 24. Rb8+ Kg7 25. Kg1 Ne4 26. Bxe4 Rxe4 27. Rf1 Re1 28. Rxe1 Qxe1+ 29. Kh2 Qxf2 30. Rb7+ Kh6 31. Qh3+ Kg5 32. Rxh7 Qf4+ 33. Qg3+ Qxg3+ 34. Kxg3 Rxb2 35. Rxa7 Kf5 36. Kf3 g5 37. g4+ Ke5 38. Rg7 Kf6 39. Rd7 Rb5 40. Ke3 Ra5 41. a4 Rxa4 42. Rxd5 Rxg4 43. Kf3 Ra4 44. Rd3 Kf5 45. Rd5+ Kg6 46. Rd3 Kh5 47. Kg3 Ra1 48. Kg2 Kh4 49. Re3 Ra2+ 50. Kg1 g4 51. Rb3 1/2-1/2

[Event "FRA-chT2 East 0708"]
[Site "France"]
[Date "2008.02.10"]
[Round "7.2"]
[White "Frederic, Clement"]
[Black "Stahl, Clement"]
[Result "1-0"]
[WhiteElo "2204"]
[BlackElo "2050"]
[PlyCount "53"]
[EventDate "2007.10.21"]
[EventType "team"]
[EventRounds "11"]
[EventCountry "FRA"]
[SourceTitle "EXT 2009"]
[Source "ChessBase"]
[SourceDate "2008.11.26"]
[SourceVersion "1"]
[SourceVersionDate "2008.11.26"]
[SourceQuality "1"]
[WhiteTeam "Besancon TPG II"]
[BlackTeam "Obernai"]
[WhiteTeamCountry "FRA"]
[BlackTeamCountry "FRA"]

1. e4 c5 2. Nf3 d6 3. d4 cxd4 4. Nxd4 Nf6 5. Nc3 g6 6. Be3 Bg7 7. f3 0-0 8. Qd2 Nc6 9. Bc4 Bd7 10. 0-0-0 Rc8 11. Bb3 Nxd4 12. Bxd4 b5 13. Nd5 Nxd5 14. Bxg7 Kxg7 15. exd5 a5 16. a3 Qc7 17. h4 h5 18. g4 hxg4 19. h5 f6 20. Rde1 Bf5 21. fxg4 Bxg4 22. Reg1 Bf5 23. hxg6 Rh8 24. Rh7+ Rxh7 25. gxh7+ Kf7 26. Qh6 a4 27. Qh5+ 1-0

[Event "Verbandsliga Sued Baden 0708"]
[Site "Germany"]
[Date "2007.11.18"]
[Round "3.4"]
[White "Stahl, Clement"]
[Black "Lorenz, Michael"]
[Result "1-0"]
[WhiteElo "2076"]
[BlackElo "1921"]
[PlyCount "61"]
[EventDate "2007.10.14"]
[EventType "team"]
[EventRounds "9"]
[EventCountry "GER"]
[SourceTitle "EXT 2009"]
[Source "ChessBase"]
[SourceDate "2008.11.26"]
[SourceVersion "1"]
[SourceVersionDate "2008.11.26"]
[SourceQuality "1"]
[WhiteTeam "Lahr"]
[BlackTeam "Kuppenheim II"]
[WhiteTeamCountry "GER"]
[BlackTeamCountry "GER"]

1. e4 c5 2. Nc3 Nc6 3. Nf3 g6 4. d4 cxd4 5. Nxd4 Bg7 6. Be3 Nf6 7. Bc4 Qa5 8. 0-0 0-0 9. Bb3 d6 10. h3 Bd7 11. f4 a6 12. Nf3 b5 13. e5 Ne8 14. Nd5 Rb8 15. exd6 exd6 16. Nd4 Qd8 17. Qd2 Na5 18. f5 Nc4 19. Bxc4 bxc4 20. Rae1 Nc7 21. Nxc7 Qxc7 22. f6 Bh8 23. c3 Qa5 24. a3 Rfe8 25. Nc2 Rxb2 26. Qxd6 Rxc2 27. Qxd7 Rd8 28. Bd4 Rf8 29. Re8 Qxa3 30. Rxf8+ Qxf8 31. Re1 1-0

[Event "FRA-chT2 East 0607"]
[Site "France"]
[Date "2007.04.01"]
[Round "11.6"]
[White "Heinrich, Nicolas"]
[Black "Stahl, Clement"]
[Result "1/2-1/2"]
[WhiteElo "1950"]
[BlackElo "2012"]
[PlyCount "105"]
[EventDate "2006.10.15"]
[EventType "team"]
[EventRounds "11"]
[EventCountry "FRA"]
[SourceTitle "EXT 2008"]
[Source "ChessBase"]
[SourceDate "2007.11.25"]
[SourceVersion "1"]
[SourceVersionDate "2007.11.25"]
[SourceQuality "1"]
[WhiteTeam "Bischwiller II"]
[BlackTeam "Obernai"]
[WhiteTeamCountry "FRA"]
[BlackTeamCountry "FRA"]

1. d4 Nf6 2. c4 e6 3. Nc3 d5 4. Bg5 c6 5. e3 Nbd7 6. Nf3 Bd6 7. Bd3 0-0 8. 0-0 Qc7 9. Rc1 a6 10. e4 dxe4 11. Nxe4 Nxe4 12. Bxe4 h6 13. Be3 e5 14. c5 Be7 15. Qc2 exd4 16. Bxd4 Bf6 17. Be3 Ne5 18. Nxe5 Qxe5 19. b3 Re8 20. Bd3 Be6 21. Rfd1 Qh5 22. Be2 Bg4 23. Bxg4 Qxg4 24. Rd3 Rad8 25. Rcd1 Qc8 26. Rxd8 Rxd8 27. Rxd8+ Qxd8 28. g3 Kf8 29. Kf1 Qd5 30. h4 h5 31. Ke2 g6 32. Kf1 Ke7 33. Ke2 Ke6 34. Kf1 Qh1+ 35. Ke2 Qd5 36. Kf1 Be5 37. Ke2 f5 38. Kf1 Qh1+ 39. Ke2 Qd5 40. Kf1 Bd4 41. Ke2 Bxe3 42. Kxe3 Qe5+ 43. Kd2 Qd4+ 44. Ke2 Ke5 45. Kf3 Qg4+ 46. Kg2 Qd4 47. Kf3 a5 48. a3 Qg4+ 49. Ke3 Qd4+ 50. Kf3 a4 51. b4 Qg4+ 52. Ke3 Qd4+ 53. Kf3 1/2-1/2